| 000 | 00461nam a2200145Ia 4500 | ||
|---|---|---|---|
| 008 | 151021s9999 xx 000 0 und d | ||
| 020 | _a9.7808108574e+012 | ||
| 050 | _aCD 974.4 .E38 2002 | ||
| 245 | _a_Effective Approaches for Managing Electronic Records and Archives Bruce W. Dearstyne | ||
| 260 | _aMaryland Scarecrow 2002 | ||
| 300 | _aix,167p,;ill | ||
| 500 | _aIncludes index | ||
| 650 | _a_Electronic records | ||
| 980 | _a^d20120119 04:41:40^oanne | ||
| 999 |
_c8587 _d8587 |
||